Pride and prejudice (Record no. 5311)

000 -LEADER
fixed length control field 00778 a2200277 4500
020 ## - INTERNATIONAL STANDARD BOOK NUMBER
International Standard Book Number 1582790329
020 ## - INTERNATIONAL STANDARD BOOK NUMBER
International Standard Book Number 1582790442
040 ## - CATALOGING SOURCE
Original cataloging agency DLC
Language of cataloging DLC
082 00 - DEWEY DECIMAL CLASSIFICATION NUMBER
Classification number 823/.7
100 1# - MAIN ENTRY--PERSONAL NAME
Personal name Austen, Jane,
245 10 - TITLE STATEMENT
Title Pride and prejudice
Statement of responsibility, etc. by Jane Austen.
246 14 - VARYING FORM OF TITLE
Title proper/short title Pride & prejudice
260 ## - PUBLICATION, DISTRIBUTION, ETC.
Place of publication, distribution, etc. [Naples, Fla.] :
Name of publisher, distributor, etc. Trident Press International,
Date of publication, distribution, etc. 1999.
300 ## - PHYSICAL DESCRIPTION
Extent 329 p. :
Other physical details ill. ;
Dimensions 24 cm.
440 #0 - SERIES STATEMENT/ADDED ENTRY--TITLE
Title [Signature classics]
500 ## - GENERAL NOTE
General note Originally appeared in series: The English com�edie humaine.
500 ## - GENERAL NOTE
General note Series statement on jacket.
650 #0 - SUBJECT ADDED ENTRY--TOPICAL TERM
Topical term or geographic name entry element Social classes
650 #0 - SUBJECT ADDED ENTRY--TOPICAL TERM
Topical term or geographic name entry element Young women
650 #0 - SUBJECT ADDED ENTRY--TOPICAL TERM
Topical term or geographic name entry element Courtship
650 #0 - SUBJECT ADDED ENTRY--TOPICAL TERM
Topical term or geographic name entry element Sisters
651 #0 - SUBJECT ADDED ENTRY--GEOGRAPHIC NAME
Geographic name England
655 #7 - INDEX TERM--GENRE/FORM
Genre/form data or focus term Domestic fiction.
655 #7 - INDEX TERM--GENRE/FORM
Genre/form data or focus term Love stories.
942 ## - ADDED ENTRY ELEMENTS (KOHA)
Koha item type Book
Call number prefix 823.3 AUS
Source of classification or shelving scheme
Holdings
Withdrawn status Lost status Damaged status Not for loan Collection code Permanent Location Current Location Shelving location Date acquired Source of acquisition Cost, normal purchase price Total Checkouts Total Renewals Full call number Barcode Date last seen Date last checked out Price effective from Koha item type
          Central Library (CL) Central Library (CL) Fiction 02/10/2005 Allied Book Company 1918.38 17 14 823.3 AUS SEECS005286 11/23/2025 11/07/2025 01/05/2017 Book
© 2023 Central Library, National University of Sciences and Technology. All Rights Reserved.